Năm tháng dâng người : Hồi ký
Saved in:
| Main Author: | |
|---|---|
| Format: | Book |
| Language: | Undetermined |
| Published: |
Thành phố Hồ Chí Minh
Trẻ
2013
|
| Subjects: | |
| Tags: |
Add Tag
No Tags, Be the first to tag this record!
|
| Institutions: | Trung tâm Học liệu Trường Đại học Cần Thơ |
|---|
| LEADER | 00639nam a2200217Ia 4500 | ||
|---|---|---|---|
| 001 | CTU_211323 | ||
| 008 | 210402s9999 xx 000 0 und d | ||
| 020 | |c 100000 | ||
| 082 | |a 895.92284 | ||
| 082 | |b C460 | ||
| 100 | |a Lê, Công Cơ | ||
| 245 | 0 | |a Năm tháng dâng người : | |
| 245 | 0 | |b Hồi ký | |
| 245 | 0 | |c Lê Công Cơ | |
| 260 | |a Thành phố Hồ Chí Minh | ||
| 260 | |b Trẻ | ||
| 260 | |c 2013 | ||
| 650 | |a Vietnamese literature,Văn học Việt Nam | ||
| 650 | |y 21st century,Thế kỷ 21 | ||
| 904 | |i Kiều Mị,Hải | ||
| 980 | |a Trung tâm Học liệu Trường Đại học Cần Thơ | ||